[Event "CZE-ch sf15 corr"]
[Site "Czechia"]
[Date "2004.07.02"]
[Round "?"]
[White "Valenta, Josef"]
[Black "Votypka, Miroslav"]
[Result "1/2-1/2"]
[WhiteElo "2168"]
[BlackElo "2249"]
[PlyCount "80"]
[EventDate "2003.??.??"]
[EventType "tourn (corr)"]
[EventRounds "14"]
[EventCountry "CZE"]
[SourceTitle "Corr 2006"]
[Source "ChessBase"]
[SourceDate "2006.04.01"]
[SourceVersion "3"]
[SourceVersionDate "2006.04.01"]
[SourceQuality "1"]

1. d4 Nf6 2. c4 g6 3. Nc3 d5 4. cxd5 Nxd5 5. e4 Nxc3 6. bxc3 Bg7 7. Bc4 c5 8. Ne2 Nc6 9. Be3 0-0 10. 0-0 Bg4 11. f3 Na5 12. Bd3 cxd4 13. cxd4 Be6 14. Bf2 a6 15. Qd2 b5 16. Rac1 Bc4 17. Rc2 Bxd3 18. Qxd3 Qd7 19. Rd1 Nc4 20. Nc1 Rac8 21. Nb3 Rfd8 22. Qe2 Qd6 23. Bg3 e5 24. Kh1 Qe7 25. d5 Bh6 26. Be1 Ne3 27. Rxc8 Rxc8 28. Rd3 Nc4 29. Na5 Nxa5 30. Bxa5 Rc1+ 31. Rd1 Qa3 32. Bb6 Be3 33. Bxe3 Qxe3 34. Qxe3 Rxd1+ 35. Qg1 Rxg1+ 36. Kxg1 Kf8 37. Kf2 a5 38. Ke1 Ke7 39. h4 h6 40. g4 g5 1/2-1/2

[Event "CZE-ch15 corr0102"]
[Site "Czechia"]
[Date "2001.??.??"]
[Round "?"]
[White "Kudela, Stanislav"]
[Black "Votypka, Miroslav"]
[Result "0-1"]
[WhiteElo "2440"]
[BlackElo "2355"]
[PlyCount "52"]
[EventDate "2001.??.??"]
[EventType "tourn (corr)"]
[EventRounds "22"]
[EventCountry "CZE"]
[SourceTitle "Corr 2004"]
[Source "ChessBase"]
[SourceDate "2003.04.28"]
[SourceVersion "3"]
[SourceVersionDate "2003.04.28"]
[SourceQuality "1"]

1. e4 e5 2. Nf3 Nc6 3. Bb5 a6 4. Ba4 Nf6 5. 0-0 Be7 6. Re1 b5 7. Bb3 d6 8. c3 0-0 9. h3 Na5 10. Bc2 c5 11. d4 Qc7 12. Nbd2 Rd8 13. Nf1 cxd4 14. cxd4 exd4 15. Nxd4 d5 16. e5 Ne4 17. Nd2 Bc5 18. N2f3 Bb7 19. Bf4 Rac8 20. Rc1 Qb6 21. Re2 Nc4 22. Bb1 Re8 23. a3 h6 24. Nb3 Bf8 25. Qd4 Qxd4 26. Nbxd4 Bc5 0-1

[Event "CZE-ch15 corr0102"]
[Site "Czechia"]
[Date "2001.??.??"]
[Round "?"]
[White "Rybak, Milan"]
[Black "Votypka, Miroslav"]
[Result "1/2-1/2"]
[WhiteElo "2410"]
[BlackElo "2355"]
[PlyCount "64"]
[EventDate "2001.??.??"]
[EventType "tourn (corr)"]
[EventRounds "22"]
[EventCountry "CZE"]
[SourceTitle "Corr 2004"]
[Source "ChessBase"]
[SourceDate "2003.04.28"]
[SourceVersion "3"]
[SourceVersionDate "2003.04.28"]
[SourceQuality "1"]

1. e4 e5 2. Nf3 Nc6 3. Bc4 Nf6 4. d4 exd4 5. e5 Ng4 6. Qe2 Qe7 7. Bf4 d6 8. exd6 cxd6 9. Nbd2 Bf5 10. Nb3 d3 11. cxd3 Qxe2+ 12. Kxe2 Nge5 13. Nfd4 Bd7 14. Rhe1 Be7 15. Kf1 0-0 16. Nxc6 Bxc6 17. Na5 Bf6 18. Nxc6 bxc6 19. Ba6 Rfb8 20. d4 Ng6 21. Bxd6 Rb6 22. Bc4 Bxd4 23. Bb3 Bxb2 24. Rad1 Bf6 25. f4 h6 26. g3 Rb7 27. Rc1 Rc8 28. Re2 Rd7 29. Ba3 Be7 30. Bb2 Bf8 31. Rec2 Ne7 32. Be5 g6 1/2-1/2

[Event "CZE-ch15 corr0102"]
[Site "Czechia"]
[Date "2001.??.??"]
[Round "?"]
[White "Votypka, Miroslav"]
[Black "Boukal, Petr"]
[Result "0-1"]
[WhiteElo "2355"]
[BlackElo "2450"]
[PlyCount "74"]
[EventDate "2001.??.??"]
[EventType "tourn (corr)"]
[EventRounds "22"]
[EventCountry "CZE"]
[SourceTitle "Corr 2004"]
[Source "ChessBase"]
[SourceDate "2003.04.28"]
[SourceVersion "3"]
[SourceVersionDate "2003.04.28"]
[SourceQuality "1"]

1. e4 e6 2. d4 d5 3. Nc3 Bb4 4. e5 c5 5. a3 Bxc3+ 6. bxc3 Ne7 7. Qg4 Qc7 8. Qxg7 Rg8 9. Qxh7 cxd4 10. Ne2 Nbc6 11. f4 Bd7 12. Qd3 dxc3 13. Qxc3 Nf5 14. Rb1 0-0-0 15. Rg1 d4 16. Qd3 Be8 17. g4 Nh4 18. Rg3 f6 19. exf6 Bf7 20. g5 Nf5 21. Rh3 Bg6 22. Qc4 Nd6 23. Qxe6+ Kb8 24. Qa2 Rge8 25. Bd2 Bf5 26. Rg3 Qh7 27. f7 Nxf7 28. Qc4 Rc8 29. Bg2 Nd6 30. Qc5 Ne4 31. Bxe4 Rxe4 32. Rg2 Ka8 33. Qb5 d3 34. Qxd3 Rd8 35. g6 Bxg6 36. Qg3 Bf7 37. Rb5 Rde8 0-1

[Event "Moravia-ch8 corr9800"]
[Site "Czech Republic"]
[Date "1998.??.??"]
[Round "16"]
[White "Cervenka, Roman"]
[Black "Votypka, Miroslav"]
[Result "1/2-1/2"]
[WhiteElo "2230"]
[BlackElo "2305"]
[PlyCount "47"]
[EventDate "1998.??.??"]
[EventType "tourn (corr)"]
[EventRounds "16"]
[EventCountry "CZE"]
[SourceTitle "Corr 2002"]
[Source "ChessBase"]
[SourceDate "2002.05.23"]
[SourceVersion "1"]
[SourceVersionDate "2002.05.23"]
[SourceQuality "1"]

1. e4 e5 2. Nf3 Nc6 3. d4 exd4 4. Nxd4 Bc5 5. Be3 Qf6 6. c3 Nge7 7. Bc4 Ne5 8. Be2 Qg6 9. 0-0 d6 10. f3 0-0 11. Kh1 d5 12. Nd2 dxe4 13. fxe4 Bg4 14. Bf4 Bd6 15. Bxe5 Bxe2 16. Qxe2 Bxe5 17. Nc4 Bxd4 18. cxd4 c6 19. Rad1 Qe6 20. b3 Rad8 21. Qf3 Rfe8 22. e5 Nc8 23. Ne3 Ne7 24. Nc4 1/2-1/2

[Event "Moravia-ch8 corr9800"]
[Site "Czech Republic"]
[Date "1998.??.??"]
[Round "74"]
[White "Geryk, Miroslav"]
[Black "Votypka, Miroslav"]
[Result "1-0"]
[WhiteElo "2120"]
[BlackElo "2305"]
[PlyCount "49"]
[EventDate "1998.??.??"]
[EventType "tourn (corr)"]
[EventRounds "16"]
[EventCountry "CZE"]
[SourceTitle "Corr 2002"]
[Source "ChessBase"]
[SourceDate "2002.05.23"]
[SourceVersion "1"]
[SourceVersionDate "2002.05.23"]
[SourceQuality "1"]

1. e4 e5 2. Nf3 Nc6 3. d4 exd4 4. Nxd4 Bc5 5. Nxc6 Qf6 6. Qd2 dxc6 7. Nc3 Be6 8. Na4 Rd8 9. Bd3 Bd4 10. c3 Bxf2+ 11. Qxf2 Rxd3 12. Qxf6 Nxf6 13. Nc5 Rd8 14. Nxb7 Rb8 15. Nc5 Rb5 16. b4 Nxe4 17. a4 Rxc5 18. bxc5 Bc4 19. Be3 0-0 20. Kd1 Rd8+ 21. Kc1 Rd3 22. Bd4 Nxc3 23. Bxc3 Rxc3+ 24. Kd2 Rd3+ 25. Kc2 1-0

[Event "Moravia-ch8 corr9800"]
[Site "Czech Republic"]
[Date "1998.??.??"]
[Round "72"]
[White "Kolarik, Josef"]
[Black "Votypka, Miroslav"]
[Result "1/2-1/2"]
[WhiteElo "2170"]
[BlackElo "2305"]
[PlyCount "68"]
[EventDate "1998.??.??"]
[EventType "tourn (corr)"]
[EventRounds "16"]
[EventCountry "CZE"]
[SourceTitle "Corr 2002"]
[Source "ChessBase"]
[SourceDate "2002.05.23"]
[SourceVersion "1"]
[SourceVersionDate "2002.05.23"]
[SourceQuality "1"]

1. e4 e5 2. Nf3 Nc6 3. Bb5 a6 4. Ba4 Nf6 5. 0-0 Be7 6. Re1 b5 7. Bb3 d6 8. c3 0-0 9. h3 Nb8 10. d4 Nbd7 11. Nbd2 Bb7 12. Bc2 Re8 13. Nf1 Bf8 14. Ng3 g6 15. a4 c5 16. d5 c4 17. Bg5 h6 18. Be3 Nc5 19. Qd2 h5 20. Ng5 Bh6 21. Re2 Qe7 22. Nf3 Bxe3 23. Qxe3 Nh7 24. Ree1 Qf6 25. Ne2 Qe7 26. Ra3 Reb8 27. Nd2 Qg5 28. f4 exf4 29. Nxf4 Re8 30. axb5 axb5 31. Rxa8 Bxa8 32. Rf1 Bb7 33. Qf2 Qf6 34. h4 Ra8 1/2-1/2

[Event "Moravia-ch8 corr9800"]
[Site "Czech Republic"]
[Date "1998.??.??"]
[Round "1.21"]
[White "Votypka, Miroslav"]
[Black "Vinklarek, Vlastimil"]
[Result "1-0"]
[WhiteElo "2305"]
[BlackElo "2225"]
[PlyCount "93"]
[EventDate "1998.??.??"]
[EventType "tourn (corr)"]
[EventRounds "16"]
[EventCountry "CZE"]
[SourceTitle "Corr 2002"]
[Source "ChessBase"]
[SourceDate "2002.05.23"]
[SourceVersion "1"]
[SourceVersionDate "2002.05.23"]
[SourceQuality "1"]

1. e4 e6 2. d4 d5 3. Nd2 c5 4. exd5 Qxd5 5. Ngf3 cxd4 6. Bc4 Qc5 7. 0-0 Nf6 8. Qe2 Be7 9. Nb3 Qh5 10. Nbxd4 0-0 11. Re1 Nc6 12. Nxc6 bxc6 13. Ne5 Qxe2 14. Bxe2 Bb7 15. Bf3 Rfc8 16. Bg5 h6 17. Bh4 Rab8 18. Bxf6 Bxf6 19. Nd7 Ra8 20. Nxf6+ gxf6 21. Rad1 Rd8 22. b4 Rab8 23. a4 Ba8 24. Rxd8+ Rxd8 25. Rd1 Rxd1+ 26. Bxd1 f5 27. c4 f6 28. c5 Kf7 29. Be2 f4 30. Ba6 Ke7 31. g3 fxg3 32. hxg3 e5 33. Kg2 Ke6 34. Kf3 Kd5 35. a5 Kd4 36. Bc8 Kc3 37. a6 Kxb4 38. Bb7 Kxc5 39. Bxa8 Kb5 40. Ke4 c5 41. Kf5 Kxa6 42. Kxf6 e4 43. Bxe4 Kb5 44. Ke5 a5 45. f4 a4 46. Bd5 Kb4 47. f5 1-0